Search the Library Catalogue
| 000 -LEADER | |
|---|---|
| fixed length control field | 00513nam a2200181Ia 4500 |
| 008 - FIXED-LENGTH DATA ELEMENTS--GENERAL INFORMATION | |
| fixed length control field | 191130s2000##################000#0#eng## |
| 020 ## - INTERNATIONAL STANDARD BOOK NUMBER | |
| ISBN | 9780761968320 |
| 082 ## - DEWEY DECIMAL CLASSIFICATION NUMBER | |
| Classification number | 301.092 GAN.2 |
| 245 ## - TITLE STATEMENT | |
| Title | Jean Baudrillard |
| Statement of responsibility, etc | edited by Mike Gane |
| 260 ## - PUBLICATION, DISTRIBUTION, ETC. (IMPRINT) | |
| Place of publication | Thousand Oaks, CA |
| Name of publisher | SAGE Publications |
| Year of publication | c2000 |
| 300 ## - PHYSICAL DESCRIPTION | |
| Number of Pages | 415 p. ; 24cm |
| 500 ## - GENERAL NOTE | |
| General note | Includes bibliographical references |
| 700 ## - ADDED ENTRY--PERSONAL NAME | |
| Personal name | Gane, Mike |
| 991 ## - | |
| -- | 236211 |
| Withdrawn status | Lost status | Damaged status | Not for loan | Home library | Current library | Shelving location | Date acquired | Full call number | Accession Number | Price effective from | Koha item type |
|---|---|---|---|---|---|---|---|---|---|---|---|
| Anna Centenary Library | Anna Centenary Library | 3RD FLOOR, B WING | 13.10.2020 | 301.092 GAN.2 | 162813 | 13.10.2020 | English Books |